| 000 | 00867cam a2200229 4500 | ||
|---|---|---|---|
| 001 | L158057 | ||
| 002 | |||
| 008 | 070111n2013 000 0 eng u | ||
| 020 | _a9780415523974 | ||
| 035 | _a(Sirsi) u158057 | ||
| 041 | _aeng | ||
| 050 | 0 | 4 | _a333.72 PRA |
| 100 | _aPrag, Peter | ||
| 245 | 0 | 0 | _aRenewable energy in the countryside |
| 250 | _a3rd ed. | ||
| 260 |
_aLondon _bEG Books _c2013 |
||
| 300 |
_axiii,123p. _c24cm. |
||
| 520 | _aThird edition contains a new chapter on biogas, up to date discussions on the implications of the Renewable Heat Initiative and new opportunities for solar energy and ground-source heat in the context of farms and country houses as well as the implications of changes in UK planning policies. | ||
| 651 | 4 | _aENGLAND AND WALES | |
| 690 | _aENVIRONMENTAL AND LAND CONSULTANCY-ENERGY-RENEWABLE ENERGY | ||
| 942 | _n0 | ||
| 999 |
_c115109 _d115109 |
||